书目信息 |
| 题名: |
苔藓植物学
|
|
| 作者: | 胡人亮 编著 | |
| 分册: | ||
| 出版信息: | 高等教育出版社 北京 1987.10 |
|
| 页数: | 465页 | |
| 开本: | 32开 | |
| 丛书名: | ||
| 单 册: | ||
| 中图分类: | Q949.35-43 | |
| 科图分类: | ||
| 主题词: | 植物分类学 | |
| 电子资源: | ||
| ISBN: | ||
| 000 | 00533nam0 2200193 45 | |
| 001 | 0006200912 | |
| 005 | 20000620093232.1 | |
| 010 | @d5.70元 | |
| 100 | @a20000620d1987 km y0chiy0120 ea | |
| 101 | 0 | @achi |
| 105 | @a z 000yy | |
| 200 | 1 | @a苔藓植物学@ATai Xian Zhi Wu Xue@f胡人亮编著@FHu Ren Liang Bian Zhu |
| 210 | @a高等教育出版社@c北京@d1987.10 | |
| 215 | @a465页@d32开 | |
| 606 | 0 | @a植物分类学 |
| 690 | @aQ949.35-43@v3 | |
| 701 | 0 | @a胡人亮@4编著 |
| 801 | @aCN@bPftUser@c20000620 | |
| 905 | @b208507-509@dQ949.35-43@eH845@f3 | |
| 苔藓植物学/胡人亮编著.-高等教育出版社:北京,1987.10 |
| 465页;32开 |
| ISBN :5.70元 |
| ● |
| 相关链接 |
|
|
|
正题名:苔藓植物学
索取号:Q949.35-43/H845
 
预约/预借
| 序号 | 登录号 | 条形码 | 馆藏地/架位号 | 状态 | 备注 |
| 1 | 208507 | 202085073 | 生命科学与工程学院资料室/ [索取号:Q949.35-43/H845] | 在馆 | |
| 2 | 208508 | 202085082 | 生命科学与工程学院资料室/ [索取号:Q949.35-43/H845] | 在馆 | |
| 3 | 208509 | 202085091 | 生命科学与工程学院资料室/ [索取号:Q949.35-43/H845] | 在馆 |